1925 1417 1587 1015 1338 1671 1854 1840 1053 1887 1955 1066 1461 1053 1466 1122 1619 1565 1918 1078 1238 1161 1080 1352 1724 1346 1925 1967 1527 1072 1035 1385 1735 1859 1531 1907 1687 1861 1068 1902 1451 1471 1661 1762 1458 1182 1029 1147 1516 1416 1945 1816 1391 1399 1890 1252 1549 1717 1160 1398 1313 1111 1146 1106 1266 1710 1846 1842 1202 1696 1543 1432 1670 1301 1627 1448 1278 1282 1819 1087 1912 1295 1323 1993 1378 1617 1636 1012 1197 1136 1011 1765 1144 1715 1435 1047 1600 1103 1479 BCNSPRNW ULIB Ver.6.0+V

เปลี่ยนเป็นภาษาไทย

Change to English
 แสดงรายละเอียดบรรณานุกรม
  กลับหน้าหลัก

Brief Record : Get Marc (ISO 2709) : E-mail record : QR code < ปิดหน้าต่าง
LEADER : 00000nam 2200000uu 4500
001    13399112997
003     ULIB
008    110921s2549||||th 000 0 tha d
020    9746457705 (ล.2)
050 04 P90^bม246ท ล.2 2549
110 1  มหาวิทยาลัยสุโขทัยธรรมาธิราช
245 10 ประมวลสาระชุดวิชา เทคโนโลยีการจัดการการสื่อสาร หน่วนที่ 8-15=^bTechnology for communication management/^cมหาวิทยาลัยสุโขทัยธรรมาธิราช
246 30 เทคโนโลยีการจัดการการสื่อสาร
246 31 Technology for communication management
250    พิมพ์ครั้งที่ 1
260    นนทบุรี :^bมหาวิทยาลัยสุโขทัยธรรมาธิราช,^c2549
300    2 เล่ม :^bภาพประกอบ
500    ล.1: หน่วยที่ 1-7 -- ล.2: หน่วยที่ 8-15
500    หน่วยที่ 1-15 (แนวการศึกษา)
505 2  ล.1: แนวคิดและทฤษฎีเทคโนโลยีการจัดการการสื่อสาร -- เศรษฐกิจการเมือง และสังคมที่มีผลต่อการจัดการการสื่อสาร -- กฎหมายที่เกี่ยวข้องกับการจัดการการสื่อสาร -- การจัดทำนโยบายและแผนการสื่อสาร -- กิจการการสื่อสารภาครัฐ -- กิจการการสื่อสารภาคเอกชน -- การจัดการการสื่อสารเชิงประยุกต์ -- ล.2:การจัดองค์การและการบริหารทรัพยากรมนุษย์ในองค์การด้านการสื่อสาร -- การจัดการการผลิตงานด้านการสื่อสาร -- การควบคุมการจัดการการสื่อสาร --การจัดการการเงิน วัสดุ อุปกรณ์ในกิจการด้านการสื่อสาร -- การเพิ่มประสิทธิภาพในการจัดการการสื่อสาร -- กลยุทธ์การสื่อสารการตลาดเพื่อการจัดการ -- เทคโนโลยีการสนเทศเพื่อการจัดการ -- การประยุกต์เทคโนโลยีการจัดการการสื่อสารเพื่อการพัฒนาองค์การ
650  7 การสื่อสาร
650  7 เทคโนโลยีการสื่อสาร
650  7 การสื่อสาร^xการจัดการ^xเทคโนโลยีที่เหมาะสม
700 0  ปาริชาต สถาปิตานนท์
710 2  มหาวิทยาลัยสุโขทัยธรรมาธิราช.^bสาขาวิชานิเทศศาสตร์
740 0  Technology for communication management
945    ^p0^l0^i022946
945    ^p0^l0^i022947
945    ^p0^l0^i022948
995    ทศพร
999 ^a ทศพร
รายการนี้ยังไม่มีแท็ก
คุณยังไม่ได้ล็อกอิน คุณสามารถมีกิจกรรมร่วมกับเว็บไซต์ได้ แต่ต้องล็อกอินก่อน ::
  ล็อกอิน

รายการสื่อสารสนเทศ

ลำดับที่ ประเภท เลขเรียก/บาร์โค้ด สถานที่ สถานะ
- ไม่พบข้อมูล -

รายการใกล้เคียง
    หัวเรื่อง [การสื่อสาร]
    หัวเรื่อง [เทคโนโลยีการสื่อสาร]

BibComment


ยังไม่เคยถูกคอมเมนท์

คอมเมนท์ทรัพยากรรายการนี้
  คอมเมนท์: ประมวลสาระชุดวิชา..


 Copyright 2026. Bcnsprnw @Library